Die Ausbildung der Betriebsformen der ungarischen Landwirtschaft im Lichte der slawischen Lehnwörter

Elmentve itt :
Bibliográfiai részletek
Szerző: Moór Elemér
Dokumentumtípus: Cikk
Megjelent: Akadémiai Kiadó Budapest 1957
Sorozat:Studia Slavica Academiae Scientiarum Hungaricae
Kulcsszavak:Jövevényszavak - szláv - magyar nyelvben, Magyar nyelv - szláv jövevényszavak - mezőgazdaság
Tárgyszavak:
Online Access:http://misc.bibl.u-szeged.hu/66113
LEADER 00943nab a2200229 i 4500
001 misc66113
005 20230505092809.0
008 221104s1957 hu o 0|| ger d
022 |a 0039-3363 
040 |a SZTE Miscellanea Repozitórium  |b hun 
041 |a ger 
100 1 |a Moór Elemér 
245 1 4 |a Die Ausbildung der Betriebsformen der ungarischen Landwirtschaft im Lichte der slawischen Lehnwörter  |h [elektronikus dokumentum] /  |c  Moór Elemér 
260 |a Akadémiai Kiadó  |b Budapest  |c 1957 
300 |a 31-117  |c 24 cm 
490 0 |a Studia Slavica Academiae Scientiarum Hungaricae 
561 |a Németh Gyula hagyaték 
591 |a NOV 3827; LOV 2490a; X 176173 
650 4 |a Bölcsészettudományok 
650 4 |a Nyelvek és irodalom 
695 |a Jövevényszavak - szláv - magyar nyelvben, Magyar nyelv - szláv jövevényszavak - mezőgazdaság 
856 4 0 |u http://misc.bibl.u-szeged.hu/66113/1/3827_nov_m85.pdf  |z Dokumentum-elérés